000 00491nam a2200145 i 4500
001 60882
003 ES-MaACL
007 t|
008 031107s1944 sp ||||1| spa d
100 1 _aEstella Bermúdez de Castro, Luis.
_948096
245 1 0 _aIntroducción a la cirugía del simpático
_b: bloqueos anestésicos /
_cpor Luis Estella Bermúdez de Castro.
260 _aMadrid :
_bAlhambra,
_c1944 (
_fIndustrias Gráficas)
300 _a407 p. ;
_c24 cm.
852 _aES-MaACL
_jE-821
_bR.20900
999 _c60882
_d60882